[Event "Corona Open"]
[Site "Biel/Bienne"]
[Date "2020.07.23"]
[Round "4.24"]
[White "Harringer, Manfred"]
[Black "Rempe, Jonas"]
[Result "1-0"]
[WhiteElo "2008"]
[BlackElo "1801"]
[PlyCount "179"]
[EventDate "2020.07.20"]
[EventCountry "SUI"]
[SourceVersionDate "2020.07.21"]

1. e4 e5 2. Nf3 Nc6 3. Bb5 a6 4. Ba4 Nf6 5. O-O Be7 6. d3 b5 7. Bb3 O-O 8. Re1
d6 9. c3 Na5 10. Bc2 c5 11. Nbd2 Nc6 12. Nf1 h6 13. h3 Be6 14. Ng3 Rc8 15. a4
b4 16. Bb3 Na5 17. Bxe6 fxe6 18. Be3 bxc3 19. bxc3 Qc7 20. Qc2 Nh7 21. Qa2 c4
22. d4 Nb3 23. Rad1 Rxf3 24. gxf3 Ng5 25. Bxg5 Bxg5 26. dxe5 dxe5 27. Qe2 Qf7
28. Rd6 Qe7 29. Rdd1 g6 30. Nf1 Bf4 31. Ne3 Qg5+ 32. Kh1 Qh5 33. Qf1 Qxf3+ 34.
Qg2 Qxg2+ 35. Kxg2 Bxe3 36. Rxe3 Nc5 37. Rb1 Nb3 38. Ree1 Rc7 39. Red1 Nc5 40.
f3 Nxa4 41. Rdc1 Nc5 42. Rb6 a5 43. Ra1 a4 44. Rb4 Ra7 45. Rxc4 Ra5 46. Ra3 Rb5
47. Rb4 Ra5 48. c4 Kf7 49. Rb5 Rxb5 50. cxb5 Ke7 51. b6 Kd6 52. Rc3 a3 53. Rxa3
Kc6 54. Kg3 Kxb6 55. Ra8 Nd3 56. Rh8 h5 57. Rf8 Kc5 58. Rf6 Nf4 59. Rxf4 exf4+
60. Kxf4 Kd4 61. h4 Kd3 62. Ke5 Ke3 63. Kxe6 g5 64. hxg5 h4 65. g6 h3 66. g7 h2
67. g8=Q h1=Q 68. Qg4 Qh6+ 69. Kf5 Qh7+ 70. Kg5 Qe7+ 71. Kh6 Qf6+ 72. Kh5 Qh8+
73. Kg6 Qg8+ 74. Kf6 Qf8+ 75. Ke6 Qe8+ 76. Kd6 Qf8+ 77. Kd7 Qf7+ 78. Kc8 Qf8+
79. Kc7 Qc5+ 80. Kd7 Qa7+ 81. Ke8 Qb8+ 82. Kf7 Qc7+ 83. Kg6 Qc6+ 84. Kg5 Qc7
85. Qf5 Qg3+ 86. Kh5 Qh2+ 87. Kg6 Qd6+ 88. Qf6 Qb8 89. e5 Qg8+ 90. Kh6 1-0

[Event "Corona Open"]
[Site "Biel/Bienne"]
[Date "2020.07.23"]
[Round "4.25"]
[White "Geiser, Marcellus"]
[Black "Ermitsch, Magnus"]
[Result "0-1"]
[WhiteElo "1628"]
[BlackElo "2000"]
[PlyCount "60"]
[EventDate "2020.07.20"]
[EventCountry "SUI"]
[SourceVersionDate "2020.07.21"]

1. e4 c5 2. Nf3 e6 3. d4 cxd4 4. Nxd4 Nc6 5. Nxc6 bxc6 6. Be3 Nf6 7. Bd3 e5 8.
O-O Be7 9. c4 h5 10. f3 d6 11. Qd2 Nh7 12. f4 exf4 13. Bxf4 g5 14. Be3 h4 15.
Nc3 g4 16. e5 dxe5 17. Be4 Qxd2 18. Bxd2 Bd7 19. Nb5 Rc8 20. Nc3 Ng5 21. Bf5
Nf3+ 22. gxf3 Bxf5 23. fxg4 Bxg4 24. Rae1 Bh3 25. Rf3 Rg8+ 26. Kf2 Rg2+ 27. Ke3
Bg5+ 28. Ke4 Bxd2 29. Re2 Rxe2+ 30. Nxe2 Bg2 0-1

[Event "Corona Open"]
[Site "Biel/Bienne"]
[Date "2020.07.23"]
[Round "4.26"]
[White "Germann, Markus"]
[Black "Zecirovic, Giacomo"]
[Result "1-0"]
[WhiteElo "1995"]
[BlackElo "1813"]
[PlyCount "87"]
[EventDate "2020.07.20"]
[EventCountry "SUI"]
[SourceVersionDate "2020.07.21"]

1. e4 c5 2. Nf3 Nc6 3. d4 cxd4 4. Nxd4 Nf6 5. Nc3 e5 6. Ndb5 d6 7. Bg5 a6 8.
Na3 b5 9. Bxf6 gxf6 10. Nd5 Bg7 11. c3 O-O 12. Nc2 f5 13. exf5 Bxf5 14. Nce3
Be6 15. Bd3 f5 16. O-O e4 17. Nf4 Bf7 18. Bc2 Be5 19. Nfd5 Bxh2+ 20. Kxh2 Qh4+
21. Kg1 Bh5 22. Nf6+ Rxf6 23. Qd5+ Kh8 24. Qxc6 Rg8 25. Bd1 Rfg6 26. Bxh5 Rxg2+
27. Nxg2 Qh3 28. Bg6 Rxg6 29. Qe8+ Kg7 30. Qxg6+ hxg6 31. Rad1 Qg4 32. Rd4 d5
33. f3 Qg3 34. f4 Qg4 35. Rxd5 Qe2 36. Rf2 Qc4 37. Rd7+ Kg8 38. Rfd2 Qc5+ 39.
Kh2 e3 40. Re2 Qc8 41. Re7 Qc4 42. R2xe3 Qxa2 43. Ra7 Kf8 44. Ree7 1-0

[Event "Corona Open"]
[Site "Biel/Bienne"]
[Date "2020.07.23"]
[Round "4.27"]
[White "Shatil, Or"]
[Black "Steibel, Julien"]
[Result "1/2-1/2"]
[WhiteElo "1530"]
[BlackElo "1989"]
[PlyCount "52"]
[EventDate "2020.07.20"]
[EventCountry "SUI"]
[SourceVersionDate "2020.07.21"]

1. e4 c5 2. Nf3 d6 3. d4 cxd4 4. Nxd4 Nf6 5. Nc3 g6 6. Be3 Bg7 7. g3 O-O 8. Bc4
Nc6 9. Qd2 Bd7 10. O-O-O Rc8 11. Bb3 Nxd4 12. Bxd4 b5 13. h4 b4 14. Nd5 Nxd5
15. Bxg7 Kxg7 16. Bxd5 e6 17. Bb3 Qa5 18. h5 Qe5 19. hxg6 hxg6 20. Qh6+ Kf6 21.
f4 Qxe4 22. Qg5+ Kg7 23. Qh6+ Kf6 24. Qg5+ Kg7 25. Qh6+ Kf6 26. Qg5+ Kg7
1/2-1/2

[Event "Corona Open"]
[Site "Biel/Bienne"]
[Date "2020.07.23"]
[Round "4.28"]
[White "Perreard, Nicolas"]
[Black "Smeets, Kobe"]
[Result "1-0"]
[WhiteElo "1956"]
[BlackElo "1755"]
[PlyCount "61"]
[EventDate "2020.07.20"]
[EventCountry "SUI"]
[SourceVersionDate "2020.07.21"]

1. d4 d5 2. c4 e6 3. Nc3 c6 4. Bf4 dxc4 5. e3 b5 6. a4 Bb4 7. axb5 cxb5 8. Qf3
Qd5 9. Qg3 Ne7 10. Bxb8 O-O 11. Nf3 Bd7 12. Bc7 Nf5 13. Qf4 Qb7 14. e4 Ne7 15.
Nd2 f5 16. Ba5 Bxa5 17. Rxa5 Qb6 18. Ra1 Ng6 19. Qe3 f4 20. Qh3 Qxd4 21. Nf3
Qc5 22. Rd1 Bc8 23. Be2 Ne5 24. O-O Nc6 25. Rd2 Rf6 26. e5 Rf5 27. Ne4 Qb6 28.
Rfd1 Qc7 29. Nd6 Rf8 30. Nxb5 Qa5 31. Bxc4 1-0

[Event "Corona Open"]
[Site "Biel/Bienne"]
[Date "2020.07.23"]
[Round "4.29"]
[White "Courjal, Juliette"]
[Black "Briand, Amaury"]
[Result "0-1"]
[WhiteElo "1388"]
[BlackElo "1929"]
[PlyCount "116"]
[EventDate "2020.07.20"]
[EventCountry "SUI"]
[SourceVersionDate "2020.07.21"]

1. e4 e5 2. Nf3 Nc6 3. d4 exd4 4. c3 dxc3 5. Nxc3 d6 6. Bc4 Nf6 7. Qb3 Qd7 8.
Ng5 Ne5 9. Bb5 c6 10. f4 Neg4 11. Bc4 d5 12. exd5 Bc5 13. dxc6 Qe7+ 14. Ne2 O-O
15. Bd2 Bf2+ 16. Kf1 Bc5 17. h3 Nf2 18. Rh2 h6 19. Nf3 bxc6 20. Ne5 N2e4 21.
Rd1 Nd6 22. Ng6 Qc7 23. Nxf8 Nxc4 24. Qxc4 Bxf8 25. Bc3 Nd5 26. Qd4 Ba6 27. g3
Re8 28. Re1 Ne3+ 29. Kg1 Nc2 30. Qd1 Nxe1 31. Bxe1 Qe7 32. Kf1 Qe3 33. Rg2 Qf3+
34. Kg1 Bxe2 35. Qd4 Bf1 36. Rf2 Qxg3+ 37. Kxf1 Qxh3+ 38. Rg2 Rxe1+ 39. Kxe1
Qxg2 40. a3 h5 41. f5 Qg3+ 42. Kd2 h4 43. f6 Qd6 44. Qxd6 Bxd6 45. fxg7 h3 46.
b4 h2 47. b5 cxb5 48. a4 bxa4 49. Kd3 h1=Q 50. Kc4 a3 51. Kb5 a2 52. Kc4 a1=R
53. Kb5 Qb7+ 54. Kc4 Qb4+ 55. Kd5 Ra5+ 56. Kc6 Qc5+ 57. Kd7 Qc7+ 58. Ke8 Re5#
0-1

[Event "Corona Open"]
[Site "Biel/Bienne"]
[Date "2020.07.23"]
[Round "4.30"]
[White "Prieb, Robert"]
[Black "Khoury, Theo"]
[Result "0-1"]
[WhiteElo "1918"]
[BlackElo "1465"]
[PlyCount "160"]
[EventDate "2020.07.20"]
[EventCountry "SUI"]
[SourceVersionDate "2020.07.21"]

1. Nf3 Nf6 2. d4 c5 3. g3 e6 4. Bg2 d5 5. O-O Be7 6. c4 O-O 7. cxd5 exd5 8.
dxc5 Bxc5 9. a3 a5 10. Nc3 Be6 11. Bg5 Be7 12. Qb3 Nbd7 13. Nd4 Nc5 14. Qc2 Rc8
15. Rac1 h6 16. Bxf6 Bxf6 17. Rfd1 Qd7 18. b4 axb4 19. axb4 Na6 20. Qb3 Rfd8
21. e3 Qd6 22. Na2 Rxc1 23. Rxc1 Bxd4 24. exd4 Qb6 25. b5 Nc7 26. Rc5 Ra8 27.
h4 Ra5 28. Nc3 Na6 29. Rxd5 Nb8 30. Na4 Bxd5 31. Bxd5 Qxb5 32. Bxf7+ Kf8 33.
Nc5 Ra1+ 34. Kh2 Qxb3 35. Bxb3 Rb1 36. Bd5 Rb2 37. Bxb7 Rxf2+ 38. Kh3 Ke7 39.
d5 Nd7 40. d6+ Kd8 41. Ne6+ Ke8 42. Bc6 Rf6 43. Nxg7+ Kf7 44. Nh5 Rxd6 45. Bg2
Nf6 46. Nf4 Rb6 47. Bf1 Rb4 48. Be2 Ra4 49. Kg2 Ra3 50. Bd3 Nd7 51. Bc4+ Kf6
52. Kh3 Ne5 53. Bd5 Nd3 54. Ne2 Ke5 55. Bg8 Nf2+ 56. Kg2 Ne4 57. Bc4 Re3 58.
Kh3 Nxg3 59. Nxg3 Kf4 60. h5 Rxg3+ 61. Kh2 Kf3 62. Bd5+ Kf2 63. Bf7 Rf3 64. Bg6
Rf8 65. Kh3 Kf3 66. Kh2 Rc8 67. Kg1 Rc5 68. Kh2 Rg5 69. Kh3 Kf4 70. Kh2 Kg4 71.
Kg2 Re5 72. Kf2 Re7 73. Kg2 Re2+ 74. Kf1 Kf3 75. Kg1 Kg3 76. Kf1 Re3 77. Bc2
Kf3 78. Bg6 Re7 79. Kg1 Kg3 80. Kf1 Re5 0-1